000 00689nam a2200205Ii 4500
003 JO-AjNU
008 230605s9999||||xx |||||||||||||| ||und||
040 _aJO-AjNU
_bara
_erda
_cJO-AjNU
041 _aara
050 1 4 _aLA1491.M3388.1989
100 3 _aسلطان، محمود السيد,
_eauthor
_936781
245 0 0 _aالتخطيط التربوي في البلاد العربية
250 _aط2
264 3 1 _aالقاهرة:دار الكتب الحديثة،1989
300 _a174ص
336 _atext
_btxt
_2rdacontent
337 _aunmediated
_bn
_2rdamedia
338 _avolume
_bnc
_2rdacarrier
650 4 _aالتخطيط التربوي-البلاد العربية
_936782
999 _aA15312
_c18880
_d18880